00000000cam 2200000zi 4500
0019.956503
003CaOODSP
00520251209081753
006m     o  d f      
007cr cn|||||||||
008251020e20251208oncd    obs  f000 0 eng d
020 |a9780660794143
040 |aCaOODSP|beng|erda|cCaOODSP
043 |an-cn---
0861 |aCS11-633/2025-59E-PDF
24500|aLongitudinal Immigration Database (IMDB) technical report, 2024.
264 1|a[Ottawa] : |bStatistics Canada = Statistique Canada, |cDecember 8, 2025.
264 4|c©2025
300 |a1 online resource (74 pages) : |bgraphs.
336 |atext|btxt|2rdacontent
337 |acomputer|bc|2rdamedia
338 |aonline resource|bcr|2rdacarrier
4901 |aAnalytical studies : methods and references, |x2371-3429 ; |vno. 059
500 |aIssued also in French under title: Base de données longitudinales sur l'immigration (BDIM) : rapport technique, 2024.
504 |aIncludes bibliographical references (pages 73-74).
5203 |a"The Longitudinal Immigration Database (IMDB) is a comprehensive source of data that plays a key role in the understanding of the economic behaviour of immigrants. It is the only annual Canadian dataset that allows users to study the characteristics of immigrants to Canada at the time of admission and their economic outcomes and regional (inter-provincial mobility) over a time span of more than 40 years. Immigration, Refugees and Citizenship Canada (IRCC) administrative records contain exhaustive information about immigrants who were admitted to Canada since 1952 and non-permanent residents who have been issued temporary resident permits since 1980. This report will discuss the IMDB data sources, concepts and variables, record linkage, data processing, dissemination, data evaluation and quality indicators, comparability with other immigration datasets, and the analyses possible with the IMDB"--Abstract, page 8.
650 0|aImmigrants|zCanada|xDatabases.
650 0|aImmigrants|zCanada|xStatistics.
650 0|aImmigrants|zCanada|xEconomic conditions|xDatabases.
650 0|aImmigrants|zCanada|xEconomic conditions|vStatistics.
655 7|aStatistics|2lcgft
7102 |aStatistics Canada, |eissuing body.
77508|tBase de données longitudinales sur l'immigration (BDIM) : |w(CaOODSP)9.956504
795 |tLongitudinal Immigration Database (IMDB) technical report, 2023.|w(CaOODSP)9.944331
830#0|aAnalytical studies : methods and references (Statistics Canada)|x2371-3429 ; |vno. 059.|w(CaOODSP)9.821678
85640|qPDF|s1.00 MB|uhttps://publications.gc.ca/collections/collection_2025/statcan/11-633-x/11-633-x2025004-eng.pdf
8564 |qHTML|sN/A|uhttps://www150.statcan.gc.ca/n1/pub/11-633-x/11-633-x2025004-eng.htm
986 |a11-633-X - No. 059